Автоматизированные системы управления температурными объектами; Технологии Microsoft в теории и практике программирования

Bibliografische gegevens
Parent link:Технологии Microsoft в теории и практике программирования.— 2012.— [С. 43-45]
Hoofdauteur: Вершинин С. В.
Coauteur: Национальный исследовательский Томский политехнический университет (ТПУ) Институт кибернетики (ИК) Кафедра интегрированных компьютерных систем управления (ИКСУ)
Andere auteurs: Куренко В. А. (научный руководитель), Громаков Е. И. Евгений Иванович
Samenvatting:Заглавие с титульного листа.
Taal:Russisch
Gepubliceerd in: 2012
Reeks:Автоматизированные системы управления и мехатроника
Onderwerpen:
Online toegang:http://www.lib.tpu.ru/fulltext/c/2012/C28/013.pdf
Formaat: Elektronisch Hoofdstuk
KOHA link:https://koha.lib.tpu.ru/cgi-bin/koha/opac-detail.pl?biblionumber=611340

MARC

LEADER 00000naa2a2200000 4500
001 611340
005 20231101132643.0
035 |a (RuTPU)RU\TPU\conf\9082 
035 |a RU\TPU\conf\9075 
090 |a 611340 
100 |a 20150305d2012 k y0rusy50 ca 
101 0 |a rus 
102 |a RU 
105 |a y z 100zy 
135 |a drgn ---uucaa 
181 0 |a i  
182 0 |a b 
200 1 |a Автоматизированные системы управления температурными объектами  |f С. В. Вершинин, В. А. Куренко  |g науч. рук. Е. И. Громаков 
203 |a Текст  |c электронный 
215 |a 1 файл (362 Кб) 
225 1 |a Автоматизированные системы управления и мехатроника 
230 |a Электронные текстовые данные (1 файл : 362 Кб) 
300 |a Заглавие с титульного листа. 
337 |a Adobe Reader 
463 1 |0 (RuTPU)RU\TPU\conf\61  |t Технологии Microsoft в теории и практике программирования  |o сборник трудов IX Всероссийской научно-практической конференции студентов, аспирантов и молодых ученых, 21-22 марта 2012 г., г.Томск  |f Национальный исследовательский Томский политехнический университет (ТПУ), Институт кибернетики ; отв. ред. А. Р. Вахитов  |v [С. 43-45]  |d 2012 
610 1 |a электронный ресурс 
610 1 |a труды учёных ТПУ 
610 1 |a автоматизированные системы управления 
610 1 |a автоматическое программирование 
610 1 |a автоматическое управление 
610 1 |a температурные объекты 
610 1 |a датчики температуры 
700 1 |a Вершинин  |b С. В. 
701 1 |a Куренко  |b В. А. 
702 1 |a Громаков  |b Е. И.  |c специалист в области автоматизированных систем управления  |c доцент Томского политехнического университета, кандидат технических наук  |f 1943-  |g Евгений Иванович  |2 stltpush  |4 727 
712 0 2 |a Национальный исследовательский Томский политехнический университет (ТПУ)  |b Институт кибернетики (ИК)  |b Кафедра интегрированных компьютерных систем управления (ИКСУ)  |h 131  |2 stltpush  |3 (RuTPU)RU\TPU\col\18701 
801 2 |a RU  |b 63413507  |c 20150305  |g RCR 
856 4 |u http://www.lib.tpu.ru/fulltext/c/2012/C28/013.pdf 
942 |c BK